[Event "Titled Tue 20th May Late"]
[Site "chess.com INT"]
[Date "2025.05.20"]
[Round "7"]
[White "Baskakov, Egor"]
[Black "Amburgy, Ryan"]
[Result "1/2-1/2"]
[WhiteTitle "CM"]
[BlackTitle "FM"]
[WhiteElo "2215"]
[BlackElo "2309"]
[WhiteFideId "24197866"]
[BlackFideId "30924820"]
[EventDate "2025.05.20"]

1. e4 e5 2. Nc3 Nf6 3. g3 d5 4. exd5 Nxd5 5. Bg2 Nxc3 6. bxc3 Nc6 7. d3 Bc5 8.
Nf3 O-O 9. O-O Bg4 10. h3 Bh5 11. g4 Bg6 12. Re1 e4 13. dxe4 Qxd1 14. Rxd1 Bxe4
15. Rd7 Rad8 16. Rxd8 Rxd8 17. Bg5 f6 18. Bf4 Rd7 19. Rb1 Bb6 20. c4 Bxc2 21.
Rc1 Rd1+ 22. Rxd1 Bxd1 23. Nd2 Nd4 24. Kf1 c6 25. Ke1 Bc2 26. Bd6 Kf7 27. Bb4
Ne6 28. Be4 Bxe4 29. Nxe4 c5 30. Bd2 Bc7 31. Ke2 b6 32. Kd3 Nd8 33. Nc3 Be5 34.
Nd5 Nc6 35. f4 Bd6 36. Ke4 g6 37. f5 Ne5 38. Ne3 Ke7 39. Kd5 Kd7 40. Bc3 Nd3 41.
Bxf6 Nf4+ 42. Ke4 Nxh3 43. Nd5 Nf2+ 44. Kf3 Nd3 45. Ke4 Nf2+ 46. Kf3 Nd3 47. Ke4
Nf2+ 1/2-1/2

[Event "Titled Tue 20th May Late"]
[Site "chess.com INT"]
[Date "2025.05.20"]
[Round "7"]
[White "Logozar, Elijah"]
[Black "Haug, Havard"]
[Result "0-1"]
[BlackTitle "FM"]
[WhiteElo "1945"]
[BlackElo "2354"]
[WhiteFideId "30963788"]
[BlackFideId "1547887"]
[EventDate "2025.05.20"]

1. e4 g6 2. d4 Bg7 3. Nc3 c6 4. Nf3 d5 5. h3 Nf6 6. Bd3 dxe4 7. Nxe4 Nxe4 8.
Bxe4 O-O 9. O-O Nd7 10. Re1 e5 11. dxe5 Nxe5 12. c3 Nxf3+ 13. Qxf3 Be6 14. Bf4
Re8 15. Rad1 Qb6 16. b3 Qa5 17. c4 Qxa2 18. Rd2 Qa5 19. Red1 Rad8 20. Qg3 Rxd2
21. Rxd2 Rd8 22. Rxd8+ Qxd8 23. Qd3 Qxd3 24. Bxd3 Bd4 25. Kf1 Kf8 26. Bd6+ Ke8
27. b4 Kd7 28. Bf8 b6 29. Ke2 a5 30. bxa5 bxa5 31. Ba3 Bc3 32. f3 Bb4 33. Bc1 a4
34. Kd1 a3 35. Kc2 Kd6 36. Kb3 c5 37. f4 h6 38. Bxa3 Bxa3 39. Kxa3 g5 40. g3
gxf4 41. gxf4 Bxh3 42. Kb3 h5 43. Kc3 Bg2 44. Kd2 h4 45. Ke3 Kc7 46. Kf2 Bc6 47.
Kg1 Kb6 48. Kh2 Bd7 49. f5 Kc7 50. Kh3 Kd6 51. Kxh4 Ke5 52. Kg5 f6+ 53. Kg6 Bc8
54. Bb1 Bb7 55. Bc2 Bf3 56. Bb1 Be2 57. Ba2 Bd3 58. Kf7 Bxf5 59. Ke7 Be6 60. Kd8
Kd6 61. Ke8 f5 62. Kf8 f4 63. Bb3 f3 64. Bd1 f2 65. Be2 Bh3 66. Ke8 f1=Q 67.
Bxf1 Bxf1 68. Kd8 Bxc4 69. Kc8 Bd3 70. Kb7 c4 71. Kb6 c3 72. Ka5 c2 73. Kb4 c1=Q
74. Kb3 Qc2+ 75. Ka3 Qc3+ 76. Ka4 Qb2 77. Ka5 Qb5# 0-1

[Event "Titled Tue 20th May Late"]
[Site "chess.com INT"]
[Date "2025.05.20"]
[Round "7"]
[White "Donchenko, Alexander"]
[Black "Deac, Bogdan-Daniel"]
[Result "0-1"]
[WhiteTitle "GM"]
[BlackTitle "GM"]
[WhiteElo "2615"]
[BlackElo "2668"]
[WhiteFideId "24603295"]
[BlackFideId "1226380"]
[EventDate "2025.05.20"]

1. c4 e6 2. Nf3 d5 3. b3 d4 4. g3 Nc6 5. Bg2 e5 6. O-O Nf6 7. e3 Bc5 8. Bb2 O-O
9. exd4 Nxd4 10. Nxe5 Re8 11. Re1 Bg4 12. Nxg4 Rxe1+ 13. Qxe1 Nxg4 14. Qe4 Nxf2
15. Kxf2 Qf6+ 16. Ke1 Nc2+ 17. Kd1 Qxb2 18. Qxc2 Qxa1 19. Bxb7 Re8 20. Bc6 Re7
21. Qd3 g6 22. Be4 Qxa2 23. Ke2 Qa1 24. Nc3 Qh1 25. Qd5 Qxh2+ 26. Kd1 Qg1+ 27.
Kc2 Qd4 28. Bd3 Qxd5 29. Nxd5 Re5 30. Nxc7 Rg5 31. Na6 Bd6 32. b4 Bxg3 33. c5 h5
34. c6 h4 35. c7 Bxc7 36. Nxc7 h3 37. Be4 h2 38. Bf3 Rg1 39. Nb5 h1=Q 40. Bxh1
Rxh1 41. Nxa7 g5 42. b5 Rh6 43. Nc6 g4 44. Ne7+ Kf8 45. Nf5 Rb6 46. Nd4 g3 47.
Kd3 g2 48. Nf3 Rxb5 49. Ke2 Rf5 0-1

[Event "Titled Tue 20th May Late"]
[Site "chess.com INT"]
[Date "2025.05.20"]
[Round "7"]
[White "Howell, David W L"]
[Black "Zanette, Edgard Vinicius"]
[Result "1-0"]
[WhiteTitle "GM"]
[WhiteElo "2668"]
[BlackElo "2041"]
[WhiteFideId "410608"]
[BlackFideId "2109263"]
[EventDate "2025.05.20"]

1. e4 c5 2. Nf3 d6 3. h3 Nf6 4. Bd3 Nc6 5. c3 a6 6. O-O e5 7. Bc2 Be7 8. Re1 O-O
9. d4 Qc7 10. Be3 b5 11. Nbd2 Bb7 12. Rc1 Rac8 13. Bb1 c4 14. Nf1 Rfe8 15. Ng3
g6 16. Bg5 Nd7 17. Bh6 Bf8 18. Qd2 Bg7 19. Rcd1 a5 20. Bxg7 Kxg7 21. dxe5 Ndxe5
22. Qxd6 Nxf3+ 23. gxf3 Qxd6 24. Rxd6 Ne5 25. Kg2 Rc6 26. Red1 Rxd6 27. Rxd6 Re6
28. Rxe6 fxe6 29. f4 Nd7 30. Kf3 Nc5 31. Bc2 Kf6 32. h4 b4 33. cxb4 axb4 34. Ke3
b3 35. axb3 cxb3 36. Bd1 Na4 37. Bxb3 Nxb2 38. e5+ Ke7 39. Ne4 Bd5 40. Bxd5 exd5
41. Nf6 Nd1+ 42. Ke2 Nc3+ 43. Kd3 Nd1 44. Nxd5+ Ke6 45. Ke2 Nb2 46. Nf6 h5 47.
Kf3 Nc4 48. Ne4 Nb6 49. Nc3 Nc4 50. Ne2 Nd2+ 51. Ke3 Nf1+ 52. Kd3 Nh2 53. Ke4
Ng4 54. Nd4+ Ke7 55. f3 Nf2+ 56. Kd5 Nh3 57. f5 Nf4+ 58. Ke4 Ng2 59. fxg6 Nxh4
60. Nf5+ 1-0

[Event "Titled Tue 20th May Late"]
[Site "chess.com INT"]
[Date "2025.05.20"]
[Round "7"]
[White "Khalafvand, Dorsa Sadat"]
[Black "Nielsen-Refs, Karl-Emil Elmer"]
[Result "1-0"]
[WhiteTitle "WCM"]
[BlackTitle "CM"]
[WhiteElo "1985"]
[BlackElo "2095"]
[WhiteFideId "36767522"]
[BlackFideId "1452797"]
[EventDate "2025.05.20"]

1. d4 Nf6 2. c4 g6 3. Nc3 d5 4. cxd5 Nxd5 5. Bd2 Bg7 6. e4 Nxc3 7. Bxc3 c5 8. d5
Bxc3+ 9. bxc3 Qa5 10. Qb3 a6 11. Nf3 b5 12. Be2 O-O 13. O-O Bg4 14. h3 Bxf3 15.
Bxf3 Nd7 16. Be2 c4 17. Qc2 e5 18. dxe6 fxe6 19. Bg4 Nc5 20. Rad1 Rad8 21. Rd4
e5 22. Rd5 Rxd5 23. exd5 Nd3 24. Be2 e4 25. f3 Qb6+ 26. Kh2 Qd6+ 27. Kh1 Qxd5
28. a4 Nf4 29. fxe4 Qe5 30. axb5 Nxe2 31. Rxf8+ Kxf8 32. Qxe2 axb5 33. Qf3+ Ke7
34. Qe3 Ke6 35. Qb6+ Kf7 36. Qb7+ Kf6 37. Qc6+ Kg5 38. Qb7 Qxc3 39. Qxb5+ Kf4
40. e5 Qxe5 41. Qxc4+ Kg3 42. Qd3+ Kf4 43. Qf3+ Kg5 44. Qg4+ Kh6 45. Qh4+ Kg7
46. Qf2 Qa1+ 47. Kh2 Qe5+ 48. g3 Qe4 49. Qb2+ Kh6 50. Qd2+ Kg7 51. Kg1 Qe7 52.
Kg2 Qf6 53. Kh2 h5 54. h4 Kf7 55. Kg2 Qf5 56. Qe3 Kf6 57. Qd4+ Qe5 58. Qd8+ Kf5
59. Qf8+ Kg4 60. Qf3# 1-0

[Event "Titled Tue 20th May Late"]
[Site "chess.com INT"]
[Date "2025.05.20"]
[Round "7"]
[White "Nguyen, Ngoc Truong Son"]
[Black "Martin Fuentes, Alberto"]
[Result "1-0"]
[WhiteTitle "GM"]
[BlackTitle "FM"]
[WhiteElo "2632"]
[BlackElo "2376"]
[WhiteFideId "12401110"]
[BlackFideId "2292289"]
[EventDate "2025.05.20"]

1. e4 e6 2. d4 d5 3. e5 c5 4. c3 Qb6 5. Nf3 Nc6 6. Na3 cxd4 7. cxd4 Bb4+ 8. Bd2
Nge7 9. Nc2 Bxd2+ 10. Qxd2 Bd7 11. Bd3 a5 12. a4 Nb4 13. Nxb4 Qxb4 14. Qxb4 axb4
15. Ke2 O-O 16. a5 Nc6 17. a6 bxa6 18. Bxa6 Ra7 19. Bd3 Rfa8 20. Rxa7 Rxa7 21.
Rc1 h6 22. Kd1 Kf8 23. Kc2 Na5 24. Ra1 Ke7 25. Nd2 f6 26. f4 g5 27. exf6+ Kxf6
28. fxg5+ hxg5 29. Rf1+ Ke7 30. Nf3 Ba4+ 31. Kd2 Nb3+ 32. Ke3 Kd6 33. Nxg5 Rg7
34. h4 Be8 35. Rf6 Bd7 36. Rf7 Rg8 37. g4 Nxd4 38. Rxd7+ Kxd7 39. Kxd4 Kd6 40.
Nf7+ Ke7 41. Ne5 Ra8 42. h5 Ra2 43. b3 Kf6 44. h6 Rh2 45. h7 Rh4 46. Bc2 Rh3 47.
g5+ Kg7 48. g6 Rc3 49. Nf7 Rc8 50. h8=Q+ 1-0

[Event "Titled Tue 20th May Late"]
[Site "chess.com INT"]
[Date "2025.05.20"]
[Round "7"]
[White "Szpar, Milosz"]
[Black "Kollars, Dmitrij"]
[Result "0-1"]
[WhiteTitle "IM"]
[BlackTitle "GM"]
[WhiteElo "2475"]
[BlackElo "2625"]
[WhiteFideId "1184989"]
[BlackFideId "12909572"]
[EventDate "2025.05.20"]

1. e4 e5 2. Nf3 Nc6 3. Nc3 Nf6 4. Bb5 Bb4 5. O-O O-O 6. Bxc6 dxc6 7. d3 Nd7 8.
Ne2 Re8 9. h3 a5 10. g4 a4 11. Kg2 a3 12. b3 Nf8 13. Be3 Bd6 14. Qd2 c5 15. Ng3
Ne6 16. Nf5 Ra6 17. h4 Nd4 18. h5 Bf8 19. Bg5 f6 20. Bh4 Nxf3 21. Kxf3 b5 22.
Rad1 Be6 23. Rg1 Qd7 24. h6 g5 25. Bg3 Bxf5 26. gxf5 Bxh6 27. Kg4 Bf8 28. Rh1 c4
29. dxc4 Qxd2 30. Rxd2 bxc4 31. Rd7 Re7 32. Rd8 Rd6 33. Rd1 Rxd1 34. Rxd1 Kf7
35. Rd5 cxb3 36. cxb3 Ke8 37. Rd2 Rd7 38. Rc2 Kd8 39. f3 Rd1 40. Bf2 Rh1 41. Be3
h5+ 42. Kg3 Rb1 43. Rd2+ Kc8 44. Kf2 Bb4 45. Re2 Kb7 46. Kg2 c5 47. Kf2 Kc6 48.
Kg2 Kb5 49. Kf2 c4 50. bxc4+ Kxc4 51. Rc2+ Kd3 52. Rc8 Rb2+ 53. Kg3 Kxe3 0-1

[Event "Titled Tue 20th May Late"]
[Site "chess.com INT"]
[Date "2025.05.20"]
[Round "7"]
[White "Ibarra Jerez, Jose Carlos"]
[Black "Bukreev, Stanislav"]
[Result "0-1"]
[WhiteTitle "GM"]
[BlackTitle "FM"]
[WhiteElo "2545"]
[BlackElo "2328"]
[WhiteFideId "2226332"]
[BlackFideId "34252347"]
[EventDate "2025.05.20"]

1. e4 e6 2. d4 d5 3. Nc3 Nf6 4. Bg5 dxe4 5. Nxe4 Nbd7 6. Nf3 h6 7. Bxf6 Nxf6 8.
Nxf6+ Qxf6 9. Bd3 Bd7 10. Be4 O-O-O 11. Qe2 Kb8 12. O-O-O c5 13. d5 Bd6 14. Rhe1
Rhe8 15. Qd3 exd5 16. Bxd5 Rxe1 17. Rxe1 Bc6 18. c4 Bxd5 19. cxd5 c4 20. Qc3 Qf5
21. g3 Qxd5 22. Nd2 Qd3 23. Nxc4 Bc5 24. Qxd3 Rxd3 25. Re2 Rf3 26. Ne5 Rxf2 27.
Rxf2 Bxf2 28. Nxf7 Bg1 29. h3 Bh2 30. g4 Kc7 31. Kc2 Kd7 32. g5 h5 33. g6 Bf4
34. Kd3 Ke7 35. Ke4 Bc1 36. b3 Kf6 37. Ne5 Bb2 38. Nc4 Bc1 39. Nd6 b6 40. Nc8
Kxg6 41. Nxa7 Kg5 42. Nc8 b5 43. Nd6 b4 44. Nf5 g6 45. Nd4 Kh4 46. Ne2 Bd2 47.
Ng1 Kg3 48. Ke5 Kg2 49. Ne2 Kxh3 50. Kf6 g5 51. Kf5 g4 52. Ke4 h4 0-1

[Event "Titled Tue 20th May Late"]
[Site "chess.com INT"]
[Date "2025.05.20"]
[Round "7"]
[White "Ozates, Tuna"]
[Black "Pavlidou, Ekaterini"]
[Result "0-1"]
[WhiteTitle "FM"]
[BlackTitle "WIM"]
[WhiteElo "2217"]
[BlackElo "2198"]
[WhiteFideId "6354521"]
[BlackFideId "4213262"]
[EventDate "2025.05.20"]

1. e4 c5 2. Nc3 Nc6 3. Bb5 Nd4 4. Nf3 e6 5. O-O Ne7 6. Nxd4 cxd4 7. Ne2 Nc6 8.
c3 a6 9. Bd3 Ne5 10. Bb1 dxc3 11. bxc3 d6 12. d4 Ng6 13. f4 Ne7 14. Ng3 h5 15.
Nxh5 b5 16. Qg4 Rh7 17. e5 Nf5 18. Ng3 g6 19. Ne4 Be7 20. a4 d5 21. Ng3 b4 22.
cxb4 Rh4 23. Qd1 Bxb4 24. a5 Bd7 25. Bxf5 gxf5 26. Ba3 Qxa5 27. Bxb4 Qxb4 28.
Rb1 Qc3 29. Rb3 Qc4 30. Rb1 Bb5 31. Rf3 Rc8 32. Nf1 Qc2 33. Rf2 Qxd1 34. Rxd1
Kd7 35. Ne3 Rc3 36. Nc2 Ba4 37. g3 Rh8 38. Rdd2 Rhc8 39. Nb4 a5 40. Nd3 Bb5 41.
Nc5+ Kc6 42. Kg2 a4 43. Rc2 Rc4 44. h4 a3 45. Nb3 Ra8 46. h5 Ba4 47. Rxc4+ dxc4
48. Na1 Kd5 49. h6 Rh8 50. Ra2 Kxd4 51. Rxa3 Bc6+ 52. Kf2 Rxh6 53. Nc2+ Kc5 54.
Ra7 Rh2+ 55. Ke3 Rxc2 56. Rxf7 Rc3+ 57. Kf2 Rf3+ 58. Ke2 Rxg3 59. Rf6 Bd5 60.
Rf8 Kd4 61. Rc8 Rg2+ 62. Kf1 Ra2 0-1

[Event "Titled Tue 20th May Late"]
[Site "chess.com INT"]
[Date "2025.05.20"]
[Round "7"]
[White "Praggnanandhaa, R"]
[Black "Caruana, Fabiano"]
[Result "1-0"]
[WhiteTitle "GM"]
[BlackTitle "GM"]
[WhiteElo "2758"]
[BlackElo "2776"]
[WhiteFideId "25059530"]
[BlackFideId "2020009"]
[EventDate "2025.05.20"]

1. b3 d5 2. Bb2 Bg4 3. f3 Bd7 4. e4 Nf6 5. e5 Nh5 6. Qe2 c5 7. Nc3 e6 8. Nh3 Nc6
9. O-O-O g6 10. Nxd5 Nd4 11. Bxd4 cxd4 12. Ndf4 Nxf4 13. Nxf4 Ba3+ 14. Kb1 Qc7
15. Qe4 Qb6 16. Nd3 Bc6 17. Qh4 a5 18. Nb2 Bxb2 19. Kxb2 a4 20. Bd3 O-O 21. Ra1
Qc5 22. Qf6 Ra5 23. a3 axb3 24. cxb3 Rfa8 25. b4 Qb6 26. Rhc1 Bd5 27. Qe7 Ra4
28. Rc7 Rf8 29. Qc5 Qxc5 30. Rxc5 Ra7 31. Bb5 Kg7 32. Rc7 Rfa8 33. a4 g5 34. a5
h5 35. Rac1 h4 36. Rd7 Kg6 37. Bd3+ Kg7 38. Rcc7 Rf8 39. a6 Raa8 40. axb7 Ra2+
41. Kc1 Ra1+ 42. Kc2 Ra2+ 43. Kd1 Rb2 44. b5 Rb3 45. Kc2 Rb4 46. Rc8 Bxb7 47.
Rxf8 Bd5 48. Rfxf7+ 1-0

[Event "Titled Tue 20th May Late"]
[Site "chess.com INT"]
[Date "2025.05.20"]
[Round "7"]
[White "Horak, Martin"]
[Black "Erece, Ece Alkim"]
[Result "1-0"]
[WhiteTitle "FM"]
[BlackTitle "WCM"]
[WhiteElo "2324"]
[BlackElo "1843"]
[WhiteFideId "367095"]
[BlackFideId "6346006"]
[EventDate "2025.05.20"]

1. e4 Nf6 2. e5 Nd5 3. c4 Nb6 4. c5 Nd5 5. Nc3 Nxc3 6. dxc3 e6 7. Bf4 Bxc5 8.
Qg4 g6 9. Bg5 Be7 10. h4 d5 11. O-O-O c5 12. Nf3 h5 13. Qf4 Nc6 14. Bd3 c4 15.
Bxc4 Bd7 16. Bd3 Qa5 17. Kb1 b5 18. Bxe7 Nxe7 19. Ng5 Nf5 20. f3 Qa4 21. Qd2 Rc8
22. Ne4 dxe4 23. Bc2 Qc4 24. Qxd7+ Kf8 25. Bxe4 Rc7 26. Qd8+ Kg7 27. Qf6+ Kh7
28. g4 Ng3 29. Bd3 Qc5 30. Rhg1 Qf2 31. Qf4 Ne2 32. Qd2 Qxg1 33. Rxg1 Nxg1 34.
gxh5 Nxf3 35. Qf4 Ne1 36. Be4 Rd8 37. Qg4 Rg8 38. hxg6+ fxg6 39. h5 Rd7 40. Qe2
Rgd8 41. a3 Rd1+ 42. Ka2 Nd3 43. Bxg6+ Kh8 44. Bxd3 R1xd3 45. Qg4 R3d7 46. Qxe6
Rg7 47. Qf6 Re8 48. h6 Rg8 49. e6 Kh7 50. Qxg7+ Rxg7 51. hxg7 Kxg7 52. Kb3 Kf6
53. Kb4 a6 54. Ka5 Kxe6 55. Kxa6 b4 56. Kb5 b3 57. Kb4 Kd5 58. Kxb3 Kc6 59. a4
Kb6 60. Kb4 Ka6 61. a5 Kb7 62. Kb5 Ka7 63. a6 Kb8 64. Kb6 Ka8 65. c4 Kb8 66. c5
Ka8 67. c6 Kb8 68. b3 Ka8 69. b4 Kb8 70. b5 Ka8 71. Kc5 Kb8 72. Kd5 Kc8 73. Kd6
Kb8 74. Kd7 Ka7 75. Kc8 Ka8 76. Kc7 Ka7 77. b6+ Ka8 78. b7+ Ka7 79. b8=Q+ Kxa6
80. Qb6# 1-0

[Event "Titled Tue 20th May Late"]
[Site "chess.com INT"]
[Date "2025.05.20"]
[Round "7"]
[White "Albores, Pablo"]
[Black "Obon Temprano, Sergi"]
[Result "1-0"]
[WhiteTitle "CM"]
[BlackTitle "FM"]
[WhiteElo "2220"]
[BlackElo "2155"]
[WhiteFideId "105546"]
[BlackFideId "2226545"]
[EventDate "2025.05.20"]

1. c4 c6 2. Nc3 d5 3. g3 Nf6 4. Bg2 e6 5. Nf3 Nbd7 6. d3 Bc5 7. O-O O-O 8. a3 a5
9. Bd2 e5 10. e4 dxe4 11. dxe4 Qe7 12. Qc2 Rd8 13. Rad1 Nf8 14. Nh4 Be6 15. Nf5
Qc7 16. Na4 Ba7 17. c5 Ng6 18. Be3 Ne7 19. Nb6 Rab8 20. Nd6 Ng6 21. b4 axb4 22.
axb4 Bxb6 23. cxb6 Qe7 24. Bc5 Nd7 25. h3 Nxc5 26. bxc5 Ra8 27. Ra1 Nf8 28. Ra7
Rab8 29. Rfa1 Rxd6 30. cxd6 Qxd6 31. Ra8 Nd7 32. Rxb8+ Qxb8 33. Qb2 h6 34. Bf1
Nc5 35. Qb4 Nd7 36. Rd1 Nf8 37. Qe7 Ng6 38. Rd8+ Kh7 39. Rxb8 Nxe7 40. Rxb7 Nc8
41. Rb8 Nd6 42. b7 Kg6 43. Ba6 c5 44. Rd8 Nxb7 45. Bxb7 c4 46. Ba6 c3 47. Bd3
Kf6 48. Bc2 Bxh3 49. Rd6+ Be6 50. Rc6 Kg5 51. Rxc3 Kg4 52. Kg2 h5 53. Bd1+ Kg5
54. f3 Kh6 55. Rc5 f6 56. Rc6 Bd7 57. Rc7 Be6 58. Ba4 1-0

[Event "Titled Tue 20th May Late"]
[Site "chess.com INT"]
[Date "2025.05.20"]
[Round "7"]
[White "Winkels, Marcel"]
[Black "Micic, Aleksa"]
[Result "1-0"]
[WhiteTitle "CM"]
[BlackTitle "FM"]
[WhiteElo "1918"]
[BlackElo "2191"]
[WhiteFideId "1003887"]
[BlackFideId "989940"]
[EventDate "2025.05.20"]

1. e4 c5 2. Nf3 Nc6 3. d4 cxd4 4. Nxd4 e5 5. Nb5 d6 6. N1c3 a6 7. Na3 Be7 8. Be2
Nf6 9. Bg5 b5 10. Bxf6 Bxf6 11. Nd5 Bg5 12. c3 Be6 13. h4 Bh6 14. Nc2 O-O 15.
Nce3 Ne7 16. Nxe7+ Qxe7 17. Nd5 Bxd5 18. Qxd5 Rac8 19. O-O Rc5 20. Qd3 Qxh4 21.
Qxd6 Rfc8 22. g3 Qh3 23. Rfd1 g6 24. Qxa6 b4 25. c4 R5c6 26. Qb5 Rf6 27. Qxe5
Bg7 28. Qb5 h5 29. Qd7 Qxd7 30. Rxd7 Re6 31. Rb1 Rxe4 32. Bf1 Ra8 33. Bg2 Rae8
34. Bxe4 Rxe4 35. c5 Rc4 36. Rc7 Bd4 37. Rc8+ Kg7 38. c6 Rc2 39. c7 Bxf2+ 40.
Kf1 Bb6 41. Rd1 Bxc7 42. Rd7 Rc1+ 43. Ke2 Bf4 44. Rxc1 Bxc1 45. b3 g5 46. Rd4
Ba3 47. Kf3 Kg6 48. Rd6+ f6 49. Ke4 Bb2 50. Rd2 Bc3 51. Rf2 g4 52. Re2 Be5 53.
Re3 Kg5 54. Rd3 1-0

[Event "Titled Tue 20th May Late"]
[Site "chess.com INT"]
[Date "2025.05.20"]
[Round "7"]
[White "Bernabeu Lopez, Carlos Javier"]
[Black "Plat, Vojtech"]
[Result "1/2-1/2"]
[WhiteTitle "FM"]
[BlackTitle "GM"]
[WhiteElo "2402"]
[BlackElo "2482"]
[WhiteFideId "2235366"]
[BlackFideId "325740"]
[EventDate "2025.05.20"]

1. e4 c5 2. Nf3 Nc6 3. Bb5 g6 4. Bxc6 dxc6 5. d3 Bg7 6. h3 Nf6 7. Nc3 Nd7 8. Be3
e5 9. Qd2 h6 10. Nh2 b6 11. f4 exf4 12. Bxf4 Ne5 13. O-O Be6 14. Nf3 Nxf3+ 15.
Rxf3 g5 16. Bg3 h5 17. e5 g4 18. hxg4 hxg4 19. Rff1 Qd4+ 20. Qf2 Bxe5 21. Bxe5
Qxe5 22. Qf4 Qxf4 23. Rxf4 O-O-O 24. Kf2 f5 25. Re1 Rh6 26. Kg3 Kc7 27. Rf2 a5
28. b3 Rf8 29. Ne2 Bd7 30. Nf4 Re8 31. Rxe8 Bxe8 32. Rf1 Bd7 33. Re1 Kd6 34. Kf2
b5 35. Kg3 Rh8 36. Kf2 b4 37. a4 bxa3 38. Ra1 Ra8 39. Rxa3 Ke5 40. Ke3 g3 41.
Ne2 Be8 42. Nf4 Bf7 43. c3 Bd5 44. d4+ cxd4+ 45. cxd4+ Kd6 46. Kd2 Be4 47. Kc3
c5 48. dxc5+ Kxc5 49. Rxa5+ Rxa5 50. b4+ Kd6 51. bxa5 Ke5 52. Nd3+ Kf6 53. Ne1
Bb7 54. Kd4 f4 55. a6 Bxa6 56. Ke4 Kg5 57. Nf3+ Kg4 58. Ne5+ Kg5 59. Nf3+ Kg4
60. Ne5+ Kh5 61. Kxf4 Bf1 62. Kxg3 Bxg2 1/2-1/2

[Event "Titled Tue 20th May Late"]
[Site "chess.com INT"]
[Date "2025.05.20"]
[Round "7"]
[White "Karthikeyan, Murali"]
[Black "Eminov, Orkhan"]
[Result "1-0"]
[WhiteTitle "GM"]
[BlackTitle "FM"]
[WhiteElo "2658"]
[BlackElo "2239"]
[WhiteFideId "5074452"]
[BlackFideId "13402153"]
[EventDate "2025.05.20"]

1. b3 e5 2. Bb2 e4 3. d3 e3 4. fxe3 d5 5. Nf3 Nf6 6. Qd2 Nc6 7. Nc3 Bc5 8. O-O-O
Qe7 9. d4 Bb4 10. Qd3 O-O 11. Ng5 Bxc3 12. Qxc3 Ng4 13. Nf3 Nf2 14. Rg1 Nxd1 15.
Kxd1 Re8 16. Bc1 Bf5 17. a3 Qe6 18. h3 Ne7 19. g4 Be4 20. Ng5 Qc6 21. Qxc6 Nxc6
22. Nxe4 dxe4 23. Bg2 Rad8 24. Rf1 Re7 25. Rf4 Rde8 26. c4 a5 27. Bd2 g6 28. d5
Ne5 29. Bxa5 c6 30. d6 Rd7 31. c5 f5 32. gxf5 gxf5 33. Rxf5 Ng6 34. Rg5 Kf7 35.
Rg4 Re5 36. b4 Rd5+ 37. Kc2 Ne5 38. Rxe4 Ng6 39. h4 Re5 40. Rxe5 Nxe5 41. Bh3
Kf6 42. Bxd7 Nxd7 43. Bd8+ Kf5 44. Kd3 h5 45. Kd4 Ne5 46. e4+ Ke6 47. a4 Nf7 48.
Bg5 Ne5 49. b5 Nf7 50. b6 Ne5 51. a5 Nd7 52. Bf4 Nb8 53. d7 Nxd7 54. a6 bxa6 55.
b7 a5 56. b8=Q Nxb8 57. Bxb8 a4 58. Kc3 Kf6 59. Kb2 Ke6 60. Ka3 1-0

[Event "Titled Tue 20th May Late"]
[Site "chess.com INT"]
[Date "2025.05.20"]
[Round "7"]
[White "Khanbutaev, Artemii"]
[Black "Ismagilov, Damir"]
[Result "0-1"]
[BlackTitle "CM"]
[WhiteElo "2059"]
[BlackElo "2173"]
[WhiteFideId "55747175"]
[BlackFideId "34199982"]
[EventDate "2025.05.20"]

1. d4 Nf6 2. c4 e6 3. g3 d5 4. Nf3 Bb4+ 5. Bd2 Be7 6. Bg2 O-O 7. O-O c6 8. Qc2
Nbd7 9. b3 b6 10. Nc3 Ba6 11. e4 dxc4 12. Rfe1 Rc8 13. h4 h6 14. Nd1 c5 15. d5
exd5 16. e5 Ne4 17. Bf4 b5 18. Ne3 Bb7 19. bxc4 bxc4 20. Rad1 d4 21. Nxc4 Nc3
22. Rd2 Nb6 23. Nd6 Bxd6 24. exd6 Nc4 25. Rd3 Re8 26. Rxe8+ Qxe8 27. d7 Qxd7 28.
Qxc3 Qe6 29. Qb3 Bd5 30. Qb5 Be4 31. Rd1 Qd5 32. Ne1 Bxg2 33. Nxg2 Nb6 34. Ne3
Qxa2 35. Nf5 Qe6 36. Nd6 Rc7 37. Nc4 Rc6 38. Ne5 Rc8 39. Nd3 Qd5 40. Nb4 cxb4
41. Qxb4 d3 42. Qd2 Rd8 43. Qc3 Rd7 44. Rd2 Qc4 45. Qb2 Qd5 46. Be3 Nc4 47. Qb8+
Rd8 48. Rxd3 Qxd3 49. Qf4 Qd1+ 50. Kh2 Nxe3 51. Qxe3 Qd5 52. Qc3 Qd6 53. Qe3 Qb6
54. Qe7 Qxf2+ 55. Kh3 Qf1+ 56. Kg4 Qd1+ 57. Kf4 Qd6+ 58. Qxd6 Rxd6 59. Ke5 Rb6
60. g4 Rb1 61. g5 a5 62. Kf5 a4 63. h5 a3 64. g6 fxg6+ 65. Ke6 a2 66. hxg6 a1=Q
67. Ke7 Qa6 68. Kd7 Rb7+ 69. Ke8 Qa8# 0-1

[Event "Titled Tue 20th May Late"]
[Site "chess.com INT"]
[Date "2025.05.20"]
[Round "7"]
[White "Zou, Chen"]
[Black "Bernadskiy, Vitaliy"]
[Result "0-1"]
[WhiteTitle "IM"]
[BlackTitle "GM"]
[WhiteElo "2443"]
[BlackElo "2523"]
[WhiteFideId "8610959"]
[BlackFideId "14100371"]
[EventDate "2025.05.20"]

1. e4 g6 2. d4 Bg7 3. c3 c6 4. Bd3 d6 5. Nd2 Nf6 6. Ne2 e5 7. Nf3 O-O 8. O-O Re8
9. Ng3 Qc7 10. h3 Nbd7 11. Re1 Nf8 12. a4 a5 13. Bd2 Ne6 14. Be3 b6 15. Qc2 Bb7
16. Rad1 Rad8 17. Qc1 Nd7 18. Bc2 Ndf8 19. Bb3 Ba6 20. Ba2 Qb8 21. Bb3 exd4 22.
cxd4 d5 23. exd5 cxd5 24. Bh6 Bxh6 25. Qxh6 Qf4 26. Qxf4 Nxf4 27. Ne5 N8e6 28.
Kh2 Kg7 29. Rd2 f6 30. Nf3 Ng5 31. Re3 Ne4 32. Rc2 Nxg3 33. Kxg3 g5 34. Rc7+ Kh6
35. Bc2 Ng6 36. Rc6 Rxe3 37. fxe3 Rc8 38. Rxb6 Rxc2 39. Rxa6 Kg7 40. Rxa5 h5 41.
Rb5 Ne7 42. a5 Nf5+ 43. Kh2 Nxe3 44. a6 Rxg2+ 45. Kh1 Rf2 46. a7 Rf1+ 47. Kh2
Ra1 48. Rb7+ Kg6 49. Kg3 h4+ 50. Kf2 Nc4 51. b4 Nd6 52. Rb6 Ne4+ 53. Ke3 Ra3+
54. Ke2 Rxa7 55. Ne5+ Kf5 56. Ng4 Ra2+ 57. Kd3 Ra3+ 58. Kc2 Rxh3 0-1

[Event "Titled Tue 20th May Late"]
[Site "chess.com INT"]
[Date "2025.05.20"]
[Round "7"]
[White "Ersoz, Teoman Guney"]
[Black "Shuvalov, Evgenij"]
[Result "0-1"]
[WhiteTitle "CM"]
[WhiteElo "2090"]
[BlackElo "1986"]
[WhiteFideId "44537050"]
[BlackFideId "4187237"]
[EventDate "2025.05.20"]

1. e4 e6 2. d4 d5 3. Nd2 Nc6 4. Ngf3 Nf6 5. e5 Nd7 6. Bb5 a6 7. Bxc6 bxc6 8. O-O
c5 9. c4 Bb7 10. Re1 cxd4 11. cxd5 Bxd5 12. Nxd4 Be7 13. N2f3 O-O 14. Nf5 Bb4
15. Re3 Bxf3 16. gxf3 Nxe5 17. Qxd8 Rfxd8 18. Nxg7 Rd1+ 19. Kg2 Ng6 20. Nh5 Bd2
21. Bxd2 Rxa1 22. Nf6+ Kg7 23. Bc3 e5 24. Nd5 Rd8 25. Bxe5+ Nxe5 26. Rxe5 c6 27.
Nc3 Rd2 28. Rc5 Rxb2 29. Ne4 Raxa2 30. Rxc6 a5 31. Rc7 h6 32. Kg3 Kg6 33. h4 a4
34. Nc3 Rc2 35. Rc6+ Kg7 36. Rc5 a3 37. Kf4 Rab2 38. Ra5 a2 39. Nxa2 Rxa2 40.
Re5 Rc4+ 41. Kg3 Raa4 42. h5 Rh4 43. Rf5 Rhd4 44. Re5 Rdc4 45. Rf5 Rcb4 46. Re5
Ra3 47. Rf5 Rbb3 48. Rf4 Rb1 49. Rg4+ Kh7 50. Rf4 Ra7 51. Kh3 Rg1 52. Kh2 Rg7
53. Kh3 Ra1 54. Kh2 Rf1 55. Rf6 Rxf2+ 56. Kh1 Rf1+ 57. Kh2 Rfg1 58. f4 R1g4 59.
Kh3 Rg1 60. Kh2 Rd1 61. f5 Rd4 62. Kh3 Rd1 63. Kh2 Rdg1 64. Rc6 R1g5 65. f6
Rxh5# 0-1